[Event "Division Honor Grupo I"]
[Site ""]
[Date "2011.03.12"]
[Round "6.2"]
[White "Quintin Navarro Alberto"]
[Black "Fontana Sotomayour Luis Javier"]
[Result "0-1"]
[WhiteElo "2121"]
[BlackElo "2371"]

1.d4 Nf6 2.c4 e6 3.Nf3 c5 4.d5 exd5 5.cxd5 d6 6.Nc3 a6 7.a4 g6 8.Nd2 Nbd7 9.e4
Bg7 10.Be2 O-O 11.O-O Re8 12.f4 Qc7 13.Qc2 Rb8 14.Ra3 b6 15.Kh1 Re7 16.e5 Ne8
17.Nce4 b5 18.axb5 axb5 19.Rg3 f5 20.Nc3 c4 21.e6 Ndf6 22.b4 cxb3 23.Qxb3 b4
24.Nb5 Qc5 25.Bb2 Bb7 26.Bd4 Qxd5 27.Bc4 Qc6 28.Na7 Qc7 29.Nb5 Qd8 30.Ba7 Ra8
31.Bd4 d5 32.Bd3 Ne4 33.Bxe4 dxe4 34.Bc5 Qxd2 35.Rd1 Ra1 36.Rxa1 Bxa1 37.h4
Qc1+ 0-1

[Event "Division Honor Grupo I"]
[Site ""]
[Date "2011.03.12"]
[Round "6.3"]
[White "Ramiro Ovejero Juan Luis"]
[Black "Labena Bernal Antonio"]
[Result "1/2-1/2"]
[WhiteElo "2365"]
[BlackElo "2073"]

1.e4 e5 2.Nf3 Nc6 3.d4 exd4 4.Nxd4 Qf6 5.Nb5 Bc5 6.Qf3 Bb6 7.Qg3 Nge7 8.N1c3
d6 9.Be3 Ba5 10.Bd2 a6 11.Na3 b5 12.Bg5 Qg6 13.Bxe7 Qxg3 14.fxg3 Bxc3+ 15.bxc3
Kxe7 16.Nb1 Ne5 17.a4 Bd7 18.a5 f5 19.Bd3 c5 20.exf5 Raf8 21.Rf1 d5 22.Nd2
Nxd3+ 23.cxd3 Bxf5 24.Ke2 Kd6 25.Nf3 c4 26.dxc4 dxc4 27.Kd2 Be4 28.Rae1 Bxf3
29.gxf3 Re8 30.f4 Kc5 31.f5 Rxe1 32.Rxe1 Rd8+ 33.Kc2 Rd5 34.g4 h5 35.h3 Rd3
36.Re5+ Kc6 37.Re6+ Rd6 38.Re3 hxg4 39.hxg4 g6 40.Kb2 gxf5 41.gxf5 Rf6 42.Ka3
Rxf5 43.Kb4 Rd5 44.Rh3 Rd1 45.Rh6+ Rd6 46.Rh5 Rd5 47.Rh6+ Rd6 48.Rh5 Rd1 49.
Rh6+ 1/2-1/2

[Event "Division Honor Grupo I"]
[Site ""]
[Date "2011.03.12"]
[Round "6.4"]
[White "Arregui Unotria Carlos"]
[Black "Maza Broto Pablo"]
[Result "1-0"]
[WhiteElo "2038"]
[BlackElo "2075"]

1.d4 Nf6 2.c4 g6 3.Nc3 Bg7 4.e4 O-O 5.Be3 d6 6.f3 c6 7.Qd2 a6 8.Bd3 b5 9.Nge2
bxc4 10.Bxc4 d5 11.Bb3 dxe4 12.fxe4 Ng4 13.Bg5 h6 14.Bh4 c5 15.dxc5 Qxd2+ 16.
Kxd2 g5 17.Bg3 Rd8+ 18.Ke1 Bb7 19.Nd5 Nc6 20.h3 Nge5 21.Bxe5 Bxe5 22.Ba4 e6
23.Bxc6 Bxc6 24.Ne7+ Kf8 25.Nxc6 Bxb2 26.Nxd8 Bxa1 27.Kf2 Bb2 28.Rb1 Ba3 29.
Nb7 Rc8 30.Kf3 Rc7 31.Rb3 Bxc5 32.Nxc5 Rxc5 33.Rc3 Ra5 34.a3 Kg7 35.Nd4 Ra4
36.Nc6 f5 37.e5 h5 38.Nd8 Rf4+ 39.Ke2 Re4+ 40.Re3 Ra4 41.Nxe6+ Kg6 42.Nc5 Rc4
43.e6 Rc2+ 44.Kd3 Ra2 45.Kc4 f4 46.e7 1-0

[Event "Division Honor Grupo I"]
[Site ""]
[Date "2011.03.12"]
[Round "6.5"]
[White "Baron Rodriguez Jesus"]
[Black "Sierra Aguerri Joaquin"]
[Result "1-0"]
[WhiteElo "2447"]
[BlackElo "2051"]

1.e4 d5 2.exd5 Qxd5 3.Nc3 Qa5 4.d4 c6 5.Nf3 Nf6 6.Bd2 Bf5 7.Bc4 e6 8.Ne4 Qc7
9.Nxf6+ gxf6 10.Nh4 Bg6 11.Qf3 Nd7 12.O-O-O O-O-O 13.Qh3 Bd6 14.Kb1 Be4 15.
Rhe1 Bd5 16.Bf1 e5 17.dxe5 fxe5 18.Nf5 Bc5 19.Qh4 f6 20.Be3 Be6 21.Ng7 Bf7 22.
Bc4 Bxc4 23.Qxc4 Bxe3 24.Ne6 Nb6 25.Qg4 Rxd1+ 26.Rxd1 Qe7 27.Ng7+ Kb8 28.Nf5
Qe6 29.fxe3 Rg8 30.Qf3 Nc4 31.e4 Kc7 32.b3 Na3+ 33.Kb2 Nb5 34.Qh5 Rxg2 35.
Qxh7+ Kb6 36.Rd7 Rxh2 37.Rxb7+ Ka6 38.Rxa7+ Nxa7 39.Qxh2 Nb5 40.Qe2 Kb6 41.Qd3
c5 42.Qd8+ Kc6 43.Ne7+ Kb7 44.Nd5 Qd6 45.Qe8 Qa6 46.Qd7+ Kb8 47.a4 Nd4 48.Qc7+
1-0

[Event "Division Honor Grupo I"]
[Site ""]
[Date "2011.03.12"]
[Round "6.6"]
[White "Sancho Casale Jesus"]
[Black "Forcen Esteban Daniel"]
[Result "0-1"]
[WhiteElo "1932"]
[BlackElo "2378"]

1.e4 c5 2.Nc3 a6 3.f4 Nc6 4.Nf3 e6 5.g3 d5 6.d3 Nf6 7.e5 Nd7 8.Bg2 f6 9.O-O
Be7 10.exf6 Nxf6 11.Ne5 O-O 12.Nxc6 bxc6 13.Na4 Qc7 14.c4 Bd7 15.b3 Rae8 16.
Ba3 Qa7 17.Qd2 a5 18.Rae1 d4 19.Bf3 Bd6 20.Qg2 Rc8 21.Re5 Qc7 22.Re2 Qa7 23.
Rfe1 Rf7 24.Re5 Bxe5 25.Rxe5 Re8 26.Qe2 Qc7 27.Bxc5 g6 28.Bxd4 Bc8 29.f5 Qd7
30.Bb2 gxf5 31.Nc5 Qa7 32.Kh1 Qe7 33.Nxe6 Bxe6 34.Bxc6 Nd7 35.d4 Nxe5 36.Bxe8
Qxe8 37.Qxe5 Bd7 38.Qxa5 Qe4+ 39.Kg1 Qb1+ 0-1

[Event "Division Honor Grupo I"]
[Site ""]
[Date "2011.03.12"]
[Round "6.8"]
[White "Zalaya Gracia Alejandro"]
[Black "Castillo Sanjuan Daniel"]
[Result "1-0"]
[WhiteElo "1692"]
[BlackElo "1944"]

1.b3 e5 2.Bb2 Nc6 3.e3 g6 4.c4 Bg7 5.Ne2 Nge7 6.Nbc3 d5 7.cxd5 Nb4 8.d4 exd4
9.Nxd4 Bxd4 10.exd4 Bf5 11.Rc1 O-O 12.Bc4 Nexd5 13.Nxd5 Nxd5 14.O-O c6 15.Re1
Qd6 16.Qf3 Rfe8 17.Re5 Nb6 18.Rce1 Qd7 19.Qe3 Rxe5 20.Qxe5 Nxc4 21.bxc4 Qe6
22.d5 Qxe5 23.Rxe5 cxd5 24.cxd5 b5 25.d6 b4 26.Rb5 f6 27.Rb7 Rd8 28.Rxb4 Rxd6
29.Rd4 Rb6 30.Rd2 a5 31.f3 Kf7 32.Bc3 a4 33.a3 Be6 34.Bb4 f5 35.Rc2 h6 36.h4
f4 37.Rc7+ Kg8 38.Ra7 Bb3 39.Ra8+ Kf7 40.Rf8+ Ke6 41.Rxf4 Rc6 42.Rg4 Kf5 43.
Bd2 h5 44.Rd4 Rc2 45.Bb4 Rc6 46.Kh2 Rc2 47.Rd3 Rc6 48.Rc3 Ra6 49.Rc5+ Kf6 50.
g4 hxg4 51.fxg4 Ra7 52.Bc3+ Kf7 53.Rc6 Bc2 54.h5 gxh5 55.gxh5 Kg8 56.h6 Kh7
57.Bd2 Be4 58.Rc4 Bd5 59.Rb4 Bb3 60.Kg3 Rf7 1-0

[Event "Division Honor Grupo I"]
[Site ""]
[Date "2011.03.12"]
[Round "6.9"]
[White "Villuendas Valero Adrian"]
[Black "Van Ojik Mark"]
[Result "1/2-1/2"]
[WhiteElo "2266"]
[BlackElo "2284"]

1.d4 Nf6 2.Bg5 d5 3.e3 c6 4.Bd3 Nbd7 5.Nf3 g6 6.O-O Bg7 7.Nbd2 O-O 8.c4 c5 9.
Bxf6 Bxf6 10.cxd5 cxd4 11.e4 Nc5 12.Nb3 Qb6 13.Nxc5 Qxc5 14.h3 Qb6 15.Qb3 Qxb3
16.axb3 Bd7 17.Rfe1 e5 18.dxe6 fxe6 19.e5 Be7 20.Nxd4 Bc5 21.Nf3 Rac8 22.Rac1
b6 23.Rc2 Rcd8 24.Bc4 h6 25.Rd1 Kf7 26.Rcd2 Ke7 27.Nd4 a5 28.Bxe6 Bxd4 29.Bxd7
Bxe5 30.Bb5 Rxd2 1/2-1/2

[Event "Division Honor Grupo I"]
[Site ""]
[Date "2011.03.12"]
[Round "6.10"]
[White "Gavin Roche Enrique"]
[Black "Valiente Roy Jose Javier"]
[Result "1/2-1/2"]
[WhiteElo "2241"]
[BlackElo "2092"]

1.d4 Nf6 2.c4 e6 3.Nc3 Bb4 4.e3 b6 5.Ne2 Bb7 6.a3 Be7 7.b4 O-O 8.Bb2 d6 9.f3
Nbd7 10.Ng3 Re8 11.Bd3 c5 12.O-O Bf8 13.Rc1 d5 14.Qb3 Ba6 15.Rfd1 Rc8 16.dxc5
bxc5 17.Qa4 cxb4 18.axb4 Bxc4 19.Bxc4 Rxc4 20.Nxd5 Nxd5 21.Rxc4 N5b6 22.Qb3
Nxc4 23.Qxc4 Qb8 24.Bd4 1/2-1/2

[Event "Division Honor Grupo I"]
[Site ""]
[Date "2011.03.12"]
[Round "6.11"]
[White "Cantin Zaborras Valentin"]
[Black "Lopez Guaita Fernando"]
[Result "1/2-1/2"]
[WhiteElo "2085"]
[BlackElo "2032"]

1.e4 c6 2.d4 d5 3.exd5 cxd5 4.c4 Nf6 5.Nc3 Nc6 6.Bg5 e6 7.c5 Be7 8.Bb5 O-O 9.
Nf3 Ne4 10.Bd2 Bd7 11.Bxc6 Bxc6 12.b4 a5 13.a3 axb4 14.axb4 Nxc3 15.Bxc3 Bb5
16.Ra5 Rxa5 17.bxa5 f6 18.Qb3 Qd7 19.Kd2 Bc4 20.Qb6 Rc8 21.Re1 Rc6 22.Qb4 e5
23.Re3 Ba6 24.h3 e4 25.Ne1 f5 26.f4 g5 27.Rg3 Qc7 28.Rxg5+ Bxg5 29.fxg5 Qf4+
30.Kd1 Qxg5 31.Qb3 f4 32.Bd2 e3 33.Nf3 Qxg2 34.Qxd5+ Kh8 35.Qd8+ Kg7 36.Qe7+
Kg8 37.Qe8+ Kg7 38.Qe7+ 1/2-1/2

[Event "Division Honor Grupo I"]
[Site ""]
[Date "2011.03.12"]
[Round "6.12"]
[White "Navarro Sancho Rafael"]
[Black "Martin Barbero Roberto"]
[Result "1/2-1/2"]
[WhiteElo "1831"]
[BlackElo "2020"]

1.e4 d6 2.d4 Nf6 3.Nc3 g6 4.Be3 Bg7 5.f3 O-O 6.Qd2 e5 7.d5 c5 8.O-O-O b5 9.
Bxb5 Ba6 10.g4 Bxb5 11.Nxb5 Qb6 12.Na3 Na6 13.Nc4 Qc7 14.h4 Rfb8 15.Qa5 Qb7
16.b3 Ne8 17.h5 Nac7 18.hxg6 fxg6 19.Nh3 Bf8 20.Ng5 Nf6 21.Rh2 Rd8 22.Rdh1 Rd7
23.a4 Re8 24.Qd2 Na8 25.Ne6 Nb6 26.Na5 Qa6 27.Bg5 Be7 28.Nc6 Nxa4 29.Qa5 Qxa5
30.Nxa5 Nc3 31.Nc6 Nfxd5 32.exd5 Bxg5+ 33.Nxg5 Nxd5 34.Nxh7 Kg7 35.Ng5 Nf6 36.
Ne4 Rc8 37.g5 Nh5 38.Na5 d5 39.Ng3 c4 40.Nxh5+ gxh5 41.Rxh5 Kg6 42.bxc4 Rc5
43.Nb3 Rxc4 44.Rh6+ Kxg5 45.R1h5+ Kf4 46.Rh4+ Ke3 47.Rxc4 dxc4 48.Nc5 Rd5 49.
Na4 Kxf3 50.Nc3 Rd7 51.Rh3+ Kf2 52.Rh2+ Kf3 53.Rh3+ Kf2 54.Rh2+ Kf3 55.Rh4 Rd4
56.Rxd4 exd4 57.Nb5 Ke3 58.Nxa7 d3 59.cxd3 cxd3 60.Kd1 1/2-1/2

[Event "Division Honor Grupo I"]
[Site ""]
[Date "2011.03.12"]
[Round "6.13"]
[White "Llorente Zaro Alfonso"]
[Black "Del Rey Diego"]
[Result "1/2-1/2"]
[WhiteElo "2450"]
[BlackElo "2374"]

1.c4 c6 2.Nf3 d5 3.d4 Nf6 4.e3 Bg4 5.h3 Bxf3 6.Qxf3 e6 7.Nc3 Bd6 8.Bd2 Nbd7 9.
cxd5 exd5 10.Bd3 O-O 11.g4 Bb4 12.g5 Bxc3 13.Bxc3 1/2-1/2

[Event "Division Honor Grupo I"]
[Site ""]
[Date "2011.03.12"]
[Round "6.14"]
[White "Chueca Forcen Alberto"]
[Black "Delgado Salcedo Eduardo"]
[Result "1-0"]
[WhiteElo "2295"]
[BlackElo "2179"]

1.d4 f5 2.h3 d5 3.g4 fxg4 4.hxg4 Bxg4 5.Qd3 Nf6 6.f3 Bh5 7.e4 Bg6 8.Qb5+ Nc6
9.e5 a6 10.Qxb7 Nxd4 11.Na3 Rb8 12.Qxa6 Ra8 13.Qb7 Rxa3 14.bxa3 Nxc2+ 15.Kf2
e6 16.Qc6+ Kf7 17.Bb2 Qb8 18.Bh3 Qa7+ 19.Kf1 Bd3+ 20.Ne2 Bxe2+ 21.Kxe2 Qe3+
22.Kd1 Qd3+ 23.Kc1 Nd4 24.Bxd4 Bxa3+ 25.Bb2 Bxb2+ 26.Kxb2 Qd2+ 27.Ka3 Qa5+ 28.
Kb3 Rb8+ 29.Kc2 Rb6 30.Qxc7+ Kf8 31.Qc8+ Ne8 32.a4 Rb4 33.Bf1 Qa7 34.Rh2 Rb8
35.Qc3 Rb7 36.Kd2 d4 37.Qa3+ Kg8 38.a5 Qb8 39.Re2 Rb3 40.Qe7 h6 41.Qxe6+ Kh8
42.Ke1 Rxf3 43.Qb6 Qc8 44.Qxd4 Nc7 45.Bg2 Ne6 46.Qe4 1-0

[Event "Division Honor Grupo I"]
[Site ""]
[Date "2011.03.12"]
[Round "6.15"]
[White "Mimbela Lopez Miguel Angel"]
[Black "Hernando Garcia Antonio"]
[Result "1-0"]
[WhiteElo "2168"]
[BlackElo "2215"]

1.e4 d5 2.exd5 Qxd5 3.Nc3 Qd8 4.d4 e6 5.Ne4 Nd7 6.Bc4 Ngf6 7.Ng5 Nd5 8.N1f3 h6
9.Ne4 c6 10.O-O Be7 11.Bb3 O-O 12.Ne5 N5f6 13.Nxf6+ Bxf6 14.Qh5 Nxe5 15.dxe5
Be7 16.Rd1 Qa5 17.Bxh6 gxh6 18.Rd3 Rd8 19.Rf3 Bg5 20.Rxf7 1-0

[Event "Division Honor Grupo I"]
[Site ""]
[Date "2011.03.12"]
[Round "6.16"]
[White "Palacios Latasa Elias"]
[Black "Gomez Luesia Jesus"]
[Result "0-1"]
[WhiteElo "2198"]
[BlackElo "2164"]

1.e4 c6 2.d4 d5 3.exd5 cxd5 4.Bd3 Nc6 5.c3 Nf6 6.Nf3 Qc7 7.h3 e6 8.Nbd2 Bd6 9.
O-O O-O 10.Re1 Bd7 11.Nf1 Ne7 12.Ne5 b5 13.Bg5 Ng6 14.Qe2 b4 15.Rac1 bxc3 16.
Rxc3 Qd8 17.a3 Be7 18.h4 Re8 19.Bxf6 Bxf6 20.g3 Nf8 21.Nh2 Qb6 22.Qd2 Rab8 23.
b4 a5 24.Rb1 axb4 25.Rxb4 Qa7 26.Nhf3 Rxb4 27.axb4 Rb8 28.Rc1 Qa4 29.Rc7 Be8
30.b5 Ng6 31.Qc3 Bxe5 32.dxe5 Bxb5 33.Bc2 Qa6 34.Ng5 Be8 35.Nxh7 Qe2 36.Rc8
Rxc8 37.Qxc8 Kxh7 38.h5 Bb5 39.hxg6+ fxg6 40.Kg2 Qxe5 41.Qd8 Qf6 42.Qb6 Bc4
43.f4 Qc3 44.Qb1 Qd2+ 45.Kh3 Bf1+ 46.Qxf1 Qxc2 47.Qe1 Qf5+ 48.Kh2 Qc2+ 49.Kh3
Qf5+ 50.g4 Qxf4 51.Qxe6 Qf3+ 52.Kh2 d4 53.Qd7 d3 54.Qd8 Qf2+ 55.Kh3 Qf1+ 0-1

[Event "Division Honor Grupo II"]
[Site ""]
[Date "2011.03.12"]
[Round "6.17"]
[White "Llanes Luno Pedro Alfredo"]
[Black "Gil Capape MA"]
[Result "1-0"]
[WhiteElo "2174"]
[BlackElo "2061"]

1.e4 c5 2.Nf3 g6 3.Nc3 Bg7 4.d4 cxd4 5.Nxd4 Nc6 6.Nb3 Nf6 7.Be2 O-O 8.Be3 d6
9.f4 Bd7 10.g4 Qc8 11.h3 Rd8 12.O-O Be6 13.f5 gxf5 14.exf5 Bxb3 15.axb3 d5 16.
Nb5 e5 17.fxe6 Qxe6 18.Bg5 Rac8 19.Bd3 Qe5 20.Bf4 Qe7 21.Qe1 Ne4 22.Nc3 Qc5+
23.Kh1 Nxc3 24.bxc3 Ne7 25.Be5 Ng6 26.Bxg7 Kxg7 27.c4 Re8 28.Qf2 Qxf2 29.Rxf2
dxc4 30.Bxc4 Ne5 31.Bb5 Re7 32.Rxa7 Rc3 33.Kg2 Rec7 34.Ra2 Ng6 35.Bd3 Ne5 36.
Bf5 Re3 37.Ra7 Rcc3 38.Rxb7 Rxh3 39.Rb5 Rcg3+ 40.Kf1 Nf3 41.Rg2 Nh2+ 42.Kg1
Rf3 43.Rxh2 1-0

[Event "Division Honor Grupo II"]
[Site ""]
[Date "2011.03.12"]
[Round "6.18"]
[White "Alonso Fernandez Revuelta Rodri"]
[Black "Roche Simon Miguel Angel"]
[Result "0-1"]
[WhiteElo "2037"]
[BlackElo "2141"]

1.e4 e6 2.d3 c5 3.Nf3 Nc6 4.g3 g6 5.Bg2 Bg7 6.O-O Nge7 7.c3 d5 8.Nbd2 d4 9.c4
O-O 10.Nh4 g5 11.Nhf3 h6 12.h4 f6 13.hxg5 fxg5 14.a3 Ng6 15.Rb1 a5 16.b3 e5
17.Nh2 Qe8 18.Qh5 Be6 19.Ng4 Nf4 20.Nxh6+ Bxh6 21.Qxh6 Ne2+ 22.Kh2 Rf7 23.Bh3
Bxh3 24.Qg6+ Kh8 25.Nf3 Bxf1 0-1

[Event "Division Honor Grupo II"]
[Site ""]
[Date "2011.03.12"]
[Round "6.19"]
[White "Naya Sancho Jose Ignacio"]
[Black "Carraminana Lopez Luis Antonio"]
[Result "1-0"]
[WhiteElo "2124"]
[BlackElo "2067"]

1.d4 Nf6 2.c4 c5 3.e3 g6 4.Nc3 Bg7 5.Nf3 O-O 6.Be2 d5 7.O-O Nc6 8.dxc5 dxc4 9.
Qxd8 Rxd8 10.Bxc4 Bf5 11.Ng5 Ne5 12.Bb3 h6 13.e4 Bg4 14.f4 hxg5 15.fxe5 Nd7
16.Bxf7+ Kh7 17.h3 1-0

[Event "Division Honor Grupo II"]
[Site ""]
[Date "2011.03.12"]
[Round "6.20"]
[White "Galvez Perez Jose Luis"]
[Black "Neila Castillo Miguel Angel"]
[Result "0-1"]
[WhiteElo "1972"]
[BlackElo "2082"]

1.e4 d5 2.exd5 Qxd5 3.Nc3 Qa5 4.d4 Nf6 5.Nf3 c6 6.Ne5 Nbd7 7.Nc4 Qc7 8.Qf3 Nb6
9.Bf4 Qd8 10.Nxb6 Qxb6 11.Be5 Qxb2 12.Rb1 Qxc2 13.Bxf6 gxf6 14.d5 Bh6 15.Qd3
Qxd3 16.Bxd3 c5 17.O-O Bf4 18.g3 Be5 19.Ne2 b6 20.f4 Bd6 21.Rfe1 Bb7 22.Nc3
O-O 23.a4 c4 24.Be2 f5 25.h3 a5 26.Kh2 Bb4 27.Rec1 Rac8 28.Bf3 Rfd8 29.g4 e6
30.gxf5 Bxd5 31.Bg4 Rc6 32.Rb2 Ba3 33.Nxd5 exd5 0-1

[Event "Division Honor Grupo II"]
[Site ""]
[Date "2011.03.12"]
[Round "6.21"]
[White "Martinez Cebolla Alberto"]
[Black "Adla Diego Gustavo"]
[Result "0-1"]
[WhiteElo "2061"]
[BlackElo "2512"]

1.e4 c5 2.Nf3 e6 3.c3 Nf6 4.e5 Nd5 5.d4 cxd4 6.cxd4 d6 7.Bc4 Nb6 8.Bb5+ Bd7 9.
Bxd7+ N8xd7 10.O-O Nd5 11.Bg5 Qb6 12.Qe2 h6 13.Bh4 Rc8 14.Na3 dxe5 15.Rac1 Rc6
16.Nc4 Qc7 17.Bg3 b5 18.Nfxe5 Nxe5 19.Bxe5 Qc8 20.Na5 Rxc1 21.Qxb5+ Ke7 22.Nb7
Rxf1+ 23.Kxf1 f6 24.Nd6 Qd7 25.Qc5 fxe5 26.dxe5 Qc7 27.Qb5 Nf6 28.exf6+ gxf6
29.Ne8 Qd7 0-1

[Event "Division Honor Grupo II"]
[Site ""]
[Date "2011.03.12"]
[Round "6.22"]
[White "Glavina Rossi Pablo"]
[Black "Garcia Monterde Francisco Jose"]
[Result "1-0"]
[WhiteElo "2462"]
[BlackElo "2020"]

1.e4 c6 2.d4 g6 3.c4 d5 4.cxd5 cxd5 5.exd5 Nf6 6.Nc3 Nxd5 7.Qb3 Nb6 8.Bb5+ Bd7
9.Nf3 Bg7 10.Ne5 O-O 11.Nxd7 N8xd7 12.O-O Nf6 13.Rd1 Nfd5 14.Be2 e6 15.a4 a5
16.Bf3 Qd7 17.Bg5 Rac8 18.Bh4 Bh6 19.Bg3 Rfd8 20.Ne4 Qe7 21.Nc5 Rc6 22.Qb5 Bg7
23.Nb3 Rdc8 24.Nxa5 Rc2 25.Be4 h5 26.Bxc2 Rxc2 27.Qb3 Rc8 28.Rdc1 Ra8 29.Nc4
Bxd4 30.Nxb6 Bxb6 31.Rc4 Qf6 32.Re1 g5 33.Qf3 Qg6 34.h4 g4 35.Qb3 Re8 36.Qb5
f5 37.a5 Ba7 38.Qxb7 Re7 39.Qc8+ Kf7 40.Kh2 f4 41.Bxf4 Bxf2 42.Rf1 g3+ 43.Kh1
Qd3 44.Rfc1 Qf5 45.Bg5 Re8 46.Qd7+ Ne7 47.Rf4 1-0

[Event "Division Honor Grupo II"]
[Site ""]
[Date "2011.03.12"]
[Round "6.23"]
[White "Castillo Sanjuan Alejandro"]
[Black "Lopez Gracia Fernando"]
[Result "0-1"]
[WhiteElo "1967"]
[BlackElo "2319"]

1.e4 d5 2.exd5 Qxd5 3.Nc3 Qd6 4.d4 Nf6 5.Nf3 c6 6.Be2 Bf5 7.h3 Nbd7 8.Be3 e6
9.Qd2 Be7 10.a3 Qc7 11.O-O O-O 12.Bd3 Bxd3 13.Qxd3 Rad8 14.Qe2 Rfe8 15.Rfd1
Nd5 16.Nxd5 cxd5 17.b3 Rc8 18.Rdc1 Qb6 19.Qd3 Rc6 20.Ne5 Nxe5 21.dxe5 Bc5 22.
Bxc5 Rxc5 23.Re1 Rec8 24.Rac1 Rc3 25.Qd2 Qc7 26.Qd4 b6 27.Re3 Rxc2 28.Rxc2
Qxc2 29.Qa4 Qc7 30.Qd4 Qc1+ 31.Kh2 Qxa3 32.Rg3 Qc5 33.Qf4 a5 34.h4 Qc2 35.Qf6
g6 36.Rf3 Rc7 37.h5 Qc5 38.hxg6 fxg6 39.Qxe6+ Kg7 40.Qf6+ Kg8 41.Qe6+ Kg7 42.
Qf6+ Kg8 43.Qd8+ Kg7 44.e6 Ra7 45.Qf6+ Kg8 46.Rc3 Qf8 47.Qe5 Ra8 48.Rf3 Qb8
49.Re3 Kf8 50.e7+ Ke8 51.Qxb8+ Rxb8 52.Re5 Rb7 53.Rxd5 Kxe7 54.Kg3 Rd7 55.Rb5
Rd6 56.Kf4 Kd7 57.Ke4 Kc6 58.Re5 Rd2 59.Ke3 Rb2 60.Re6+ Kb5 61.Re7 Rxb3+ 62.
Kd4 Rb2 63.Ke3 a4 64.Rxh7 a3 65.Ra7 a2 66.g4 Kb4 67.f4 Rb3+ 68.Kd4 Ra3 0-1

[Event "Division Honor Grupo II"]
[Site ""]
[Date "2011.03.12"]
[Round "6.24"]
[White "Moreno Gracia Daniel"]
[Black "Jimenez Fernandez Alejandro"]
[Result "1-0"]
[WhiteElo "2277"]
[BlackElo "1966"]

1.c4 e5 2.Nc3 Nc6 3.g3 g6 4.Bg2 Bg7 5.Nf3 d6 6.O-O f5 7.d3 h6 8.Rb1 Nf6 9.b4
O-O 10.Nd2 g5 11.b5 Nd4 12.e3 Ne6 13.Bb2 g4 14.f4 gxf3 15.Nxf3 Ng4 16.Qd2 f4
17.exf4 exf4 18.Nd5 fxg3 19.hxg3 Bd7 20.Bxg7 Nxg7 21.Nh2 Nxh2 22.Kxh2 Nf5 23.
Rbe1 c6 24.bxc6 bxc6 25.Rxf5 Bxf5 26.Ne7+ Kg7 27.Qb2+ Kh7 28.Nxf5 Rxf5 29.Be4
Qg5 30.Bxf5+ Qxf5 31.Re7+ 1-0

[Event "Division Honor Grupo II"]
[Site ""]
[Date "2011.03.12"]
[Round "6.25"]
[White "Bayod Rubia Angel"]
[Black "Laliena Solares Luis"]
[Result "0-1"]
[WhiteElo "2053"]
[BlackElo "2208"]

1.e4 c6 2.d4 d5 3.e5 Bf5 4.Bd3 Bxd3 5.Qxd3 e6 6.Nf3 a6 7.O-O c5 8.c3 Nc6 9.
dxc5 Bxc5 10.Be3 Bxe3 11.Qxe3 Nge7 12.Nbd2 O-O 13.Nb3 Qc7 14.Rfe1 Ng6 15.Rad1
b5 16.Nbd4 Nge7 17.Qg5 b4 18.Nxc6 Nxc6 19.cxb4 Nxb4 20.a3 Nc6 21.Nd4 h6 22.Qg3
Rfc8 23.h3 Qb6 24.Nxc6 Rxc6 25.Re2 Rac8 26.Qd3 Rc4 27.g3 a5 28.Rdd2 Qc6 29.Kh2
h5 30.Re3 Rc1 31.Qd4 Qb5 32.Qd3 R8c4 33.Qe2 Qc6 34.Qf3 g6 35.Rb3 Qc7 36.Qf6
Re4 37.Rdd3 Rxe5 38.Rbc3 Rxc3 39.Rxc3 Qb8 40.Qf4 g5 41.Qc1 Kg7 42.Rc7 Qb6 43.
Kg2 Rf5 44.Rc2 d4 45.g4 hxg4 46.hxg4 Rf4 47.f3 Qb3 48.Rf2 Qd5 49.Kg1 e5 50.Qd2
e4 51.fxe4 Rxg4+ 52.Kf1 Qxe4 53.Qxa5 Qb1+ 54.Ke2 Re4+ 55.Kf3 Qh1+ 0-1

[Event "Division Honor Grupo II"]
[Site ""]
[Date "2011.03.12"]
[Round "6.26"]
[White "Latorre Abad Fernando"]
[Black "Gracia Campo Carlos Alberto"]
[Result "1-0"]
[WhiteElo "2100"]
[BlackElo "2073"]

1.e4 d6 2.d4 Nf6 3.Nc3 g6 4.Bg5 Bg7 5.Qd2 c6 6.O-O-O b5 7.f3 a5 8.Bh6 O-O 9.h4
a4 10.h5 b4 11.Bxg7 Kxg7 12.hxg6 fxg6 13.e5 Ng8 14.Ne4 b3 15.cxb3 axb3 16.a3
Bf5 17.Ng5 h6 18.g4 hxg5 19.gxf5 Rxf5 20.Bd3 Rf4 21.Nh3 dxe5 22.Nxf4 exf4 23.
Qh2 Nf6 24.Qh6+ Kf7 25.Qxg6+ Ke6 26.Qf5+ Kd6 27.Qe5+ Kd7 28.Bf5+ e6 29.Bxe6+
Ke7 30.Rh6 Ne8 31.Rh7+ 1-0

[Event "Division Honor Grupo II"]
[Site ""]
[Date "2011.03.12"]
[Round "6.27"]
[White "Bailo Remacha Santiago"]
[Black "Cobo Garrido Diego Israel"]
[Result "0-1"]
[WhiteElo "2044"]
[BlackElo "2062"]

1.c4 c6 2.g3 d5 3.cxd5 Qxd5 4.Nf3 e5 5.Nc3 Qd6 6.Bg2 Nf6 7.O-O Be7 8.d4 exd4
9.Nxd4 O-O 10.e4 Rd8 11.Be3 Ng4 12.Nf5 Bxf5 13.Qxd6 Bxd6 14.exf5 Nxe3 15.fxe3
Bc5 16.Rfe1 Nd7 17.Ne4 Bb4 18.Red1 Ne5 19.Kf2 Nd3+ 20.Ke2 Nxb2 21.Rxd8+ Rxd8
22.Rb1 Ba3 23.Nd2 Rd7 24.g4 Kf8 25.h4 Nd3 26.Nc4 Be7 27.g5 f6 28.g6 h6 29.Na5
Nc5 30.h5 Bd6 31.Rd1 Ke7 32.Rb1 Be5 33.Rc1 Na4 34.Rc2 Bc3 35.Nxc6+ bxc6 36.
Bxc6 Rc7 37.Bxa4 Be5 38.Rd2 Rb7 39.Kf3 Rc7 40.Rd5 Bc3 41.Rb5 Kd6 42.Rb8 Ke5
43.Re8+ Kd5 44.Bd1 Kc5 45.Ke4 Kb5 46.Kd3 Be5 47.Ra8 Rc3+ 48.Kd2 Ra3 49.Bb3 a5
0-1

[Event "Division Honor Grupo II"]
[Site ""]
[Date "2011.03.12"]
[Round "6.28"]
[White "Sanz Lopez R"]
[Black "Requena Munguira Jorge"]
[Result "1/2-1/2"]
[WhiteElo "1935"]
[BlackElo "1983"]

1.d4 d5 2.Nf3 Nf6 3.e3 g6 4.Bd3 Bg7 5.Nbd2 Nbd7 6.O-O O-O 7.Re1 c5 8.c3 b6 9.
e4 cxd4 10.Nxd4 Nc5 11.Bc2 Ncxe4 12.Nxe4 Nxe4 13.Nc6 Qd6 14.Bxe4 dxe4 15.Qxd6
exd6 16.Ne7+ Kh8 17.Nxc8 Raxc8 18.Rxe4 d5 19.Re7 Rfe8 20.Rxe8+ Rxe8 21.Be3 f5
22.g3 Kg8 23.Rd1 Rd8 24.a4 Rd7 25.Bd4 Bxd4 26.Rxd4 Kf7 27.Kg2 Ke6 28.Kf3 a6
29.Ke3 h6 30.h4 g5 31.hxg5 hxg5 32.c4 dxc4 33.Rxc4 Rd6 34.b4 Ke5 35.f4+ gxf4+
36.gxf4+ Ke6 37.Rc7 Rd7 38.Rc8 Kd5 39.a5 bxa5 40.Rc5+ Ke6 41.Rxa5 Rd6 42.Re5+
Kf6 43.Rc5 Rb6 44.Rc4 Rd6 45.Rd4 Rb6 46.Kd3 Rc6 47.Rc4 Rd6+ 48.Rd4 Rc6 49.Rd5
Ke6 50.Kd4 1/2-1/2

[Event "Division Honor Grupo II"]
[Site ""]
[Date "2011.03.12"]
[Round "6.30"]
[White "Valles Mata David"]
[Black "Guzman Moneo Alberto"]
[Result "1/2-1/2"]
[WhiteElo "2152"]
[BlackElo "2170"]

1.e4 c5 2.Nf3 g6 3.d4 Bg7 4.Nc3 cxd4 5.Nxd4 Nc6 6.Be3 Nf6 7.Bc4 O-O 8.Bb3 d6
9.f3 Bd7 10.Qd2 Nxd4 11.Bxd4 b5 12.O-O 1/2-1/2

[Event "Division Honor Grupo II"]
[Site ""]
[Date "2011.03.12"]
[Round "6.32"]
[White "Escuer Sanchez Nestor"]
[Black "Montes Santos Lorenzo"]
[Result "1/2-1/2"]
[WhiteElo "2107"]
[BlackElo "2044"]

1.d4 Nf6 2.c4 e6 3.Nf3 c6 4.Nc3 d5 5.e3 Bd6 6.cxd5 exd5 7.Bd3 O-O 8.O-O a6 9.
Re1 Re8 10.e4 dxe4 11.Nxe4 Nxe4 12.Rxe4 Rxe4 13.Bxe4 Nd7 14.Bg5 Qc7 15.Qc2 h6
16.Bh4 Nf8 17.d5 1/2-1/2

[Event "Preferente Grupo I"]
[Site ""]
[Date "2011.03.12"]
[Round "6.33"]
[White "Colas Longares Rafael P"]
[Black "Campo Millan Diego"]
[Result "1-0"]
[WhiteElo "2302"]
[BlackElo "2108"]

1.e4 c5 2.Nf3 e6 3.d4 cxd4 4.Nxd4 a6 5.Nc3 Qc7 6.g3 Nc6 7.Bg2 Nf6 8.O-O Be7 9.
Kh1 d6 10.f4 Nxd4 11.Qxd4 Qc5 12.Qxc5 dxc5 13.e5 Nd7 14.Be3 f6 15.Ne4 f5 16.
Nd2 Rb8 17.Nc4 b5 18.Na5 b4 19.Rfd1 Rb5 20.Nc4 O-O 21.Nd6 Bxd6 22.Rxd6 Nb6 23.
Bf1 Nd5 24.Bxb5 Nxe3 25.Bxa6 Nxc2 26.Rc1 1-0

[Event "Preferente Grupo I"]
[Site ""]
[Date "2011.03.12"]
[Round "6.34"]
[White "Andres Terrado Miguel Angel"]
[Black "Trigo Conde Isaac"]
[Result "0-1"]
[WhiteElo "2062"]
[BlackElo "2264"]

1.e4 e5 2.Nf3 Nc6 3.Bc4 Bc5 4.c3 Nf6 5.d3 a6 6.O-O O-O 7.Be3 Bxe3 8.fxe3 d6 9.
Nbd2 Na5 10.Qc2 Nxc4 11.Nxc4 Be6 12.Ncd2 c6 13.d4 Qc7 14.Rae1 Nd7 15.Rf2 Rae8
16.Ref1 Qd8 17.Rd1 Qe7 18.Nf1 Bg4 19.Ng3 Nf6 20.Re1 Qe6 21.b3 Nh5 22.Nxh5 Bxh5
23.Nh4 Bg6 24.Nxg6 hxg6 25.Rf3 g5 26.Qd1 Qg6 27.Rf5 f6 28.Qg4 Qh7 29.Ref1 Rf7
30.d5 Qh4 31.Qxh4 gxh4 32.Rd1 g6 33.Rf2 Rc8 34.c4 Kf8 35.dxc6 Rxc6 36.Rd5 b6
37.g4 hxg3 38.hxg3 Ke7 39.Rh2 Rc8 40.a4 Ke6 41.a5 Rb7 42.Rhd2 Rc6 43.R2d3 bxa5
44.Rxa5 Rb4 45.Kf2 Rcb6 46.Ra3 a5 47.Kf3 Ra6 48.Rd5 a4 49.Rxa4 Raxa4 50.bxa4
Rxc4 51.Ra5 f5 52.exf5+ gxf5 53.Ra8 Rc2 54.g4 fxg4+ 55.Kxg4 Kd5 56.Kf3 e4+ 57.
Kg4 Rg2+ 58.Kf4 Rf2+ 59.Kg4 Rf3 60.Re8 Rxe3 61.Rb8 Ke5 62.Re8+ 0-1

[Event "Preferente Grupo I"]
[Site ""]
[Date "2011.03.12"]
[Round "6.37"]
[White "Donoso Sanchez Alejandro"]
[Black "Lana Rodriguez David"]
[Result "1/2-1/2"]
[WhiteElo "2187"]
[BlackElo "2227"]

1.e4 d6 2.d4 Nf6 3.Nc3 e5 4.Nf3 Nbd7 5.Bc4 Be7 6.O-O O-O 7.h3 exd4 8.Nxd4 Nc5
9.Re1 Be6 10.Bxe6 Nxe6 11.Nf5 Re8 12.Nd5 Bf8 13.Qf3 Nxd5 14.exd5 Ng5 15.Qc3
Rxe1+ 16.Qxe1 Qf6 17.Ng3 h6 18.h4 Nh7 19.Qb4 Re8 20.Bd2 b6 21.Qc3 Qxh4 22.Qxc7
Nf6 23.Bc3 Ng4 24.Qd7 Re2 25.Nxe2 Qxf2+ 26.Kh1 Qh4+ 27.Kg1 Qf2+ 28.Kh1 Qh4+
29.Kg1 1/2-1/2

[Event "Preferente Grupo I"]
[Site ""]
[Date "2011.03.12"]
[Round "6.38"]
[White "Aparicio Navarro Pedro Jose"]
[Black "Sanmiguel Mateo Luis"]
[Result "1/2-1/2"]
[WhiteElo "2179"]
[BlackElo "1950"]

1.c4 Nf6 2.Nc3 e6 3.Nf3 d5 4.e3 c5 5.cxd5 exd5 6.d4 Nc6 7.Bb5 a6 8.Bxc6+ bxc6
9.O-O Bd6 10.dxc5 Bxc5 11.Qc2 Bd6 12.b3 O-O 13.Bb2 Bg4 14.Nd4 c5 15.Nf5 d4 16.
exd4 cxd4 17.Nxd6 Qxd6 18.Ne4 Bf5 19.Nxd6 Bxc2 20.Bxd4 Rfd8 21.Be5 Nd7 22.Bg3
Nf6 23.Rac1 Bg6 24.Nc4 Ne4 25.Bf4 f6 26.Nb6 Ra7 27.f3 Ng5 28.Rfe1 Rb7 29.Nc8
Kh8 1/2-1/2